[Event "Bratislava Centenary Championship"]
[Site "Bratislava"]
[Date "2019.05.11"]
[Round "2.4"]
[White "Janos, Martin"]
[Black "Kostolansky, Sebastian Lukas"]
[Result "0-1"]
[WhiteElo "2163"]
[BlackElo "2323"]
[Annotator "TA"]
[PlyCount "112"]
[EventDate "2019.05.10"]
[EventType "tourn"]
[EventCountry "SVK"]
[SourceTitle "playchess.com"]
[Source "ChessBase"]
[SourceQuality "1"]

{[%evp 9,112,30,32,10,24,0,48,51,48,37,68,65,79,55,58,55,66,39,66,-22,-12,-14,-12,-19,5,-46,-42,-48,0,-39,-46,-39,-37,-37,-30,-20,-37,-60,-43,-54,-52,-59,-42,-82,-100,-96,-88,-89,-64,-183,-72,-58,-66,-62,47,0,16,0,120,133,121,116,91,104,112,0,0,0,0,0,11,6,0,0,0,0,0,-50,51,51,117,-149,-140,-153,-144,-645,-638,-29980,-29981,-29980,-29973,-29981,-29982,-29982,-29983,-29983,-29984,-29986,-29987,-29988,-29989,-29989,-29990,-29989,-29990]} 1. e4 g6 2. d4 Bg7 3. Be3 d6 4. c3 Nf6 5. Bd3 O-O (5... c5 6. dxc5 Ng4 7. Bf4 dxc5 8. Bxb8 Rxb8 9. Bb5+ Bd7 10. Qxd7+ Qxd7 11. Bxd7+ Kxd7 12. Nf3 Kc6 13. a4 f5 14. Nbd2 {1-0 (14) Belyakov,B (2487)-Bologan,V (2640) Sochi 2016}) 6. f3 {B06: Modern Defence} e5 7. Ne2 Nc6 8. d5 {White is slightly better.} Ne7 9. c4 $146 ({Predecessor:} 9. Qd2 c5 10. g4 Ne8 11. c4 f5 12. gxf5 gxf5 {0-1 (53) Navarro Cia,M-Munoz,M Spain 1998}) 9... c5 10. Nbc3 Ne8 11. g4 f5 12. gxf5 gxf5 13. Qd2 Ng6 14. h4 ({White should play} 14. exf5 $14 Bxf5 15. Bxf5 Rxf5 16. O-O) 14... Nxh4 $11 15. Ng1 f4 16. Bf2 Ng6 17. Bf1 ({Better is} 17. Nh3 $11) 17... a6 18. O-O-O Nc7 19. Bh3 b5 20. Bxc8 Rxc8 21. Nh3 bxc4 {Strongly threatening ...Nb5.} 22. Rdg1 Bf6 23. Be1 Nb5 24. Qh2 Rf7 25. Nf2 Nd4 26. Qg2 Rb8 27. Ng4 {Black must now prevent Nh6+.} Rfb7 28. Nd1 Kf8 29. Bc3 (29. Rh3 $15) 29... Nh4 {[#]} (29... Bh4 $19 {is more deadly.} 30. Nh6 Bg3 31. Bxd4 exd4) 30. Rxh4 $1 $17 {[%mdl 512]} Bxh4 {[#]} 31. Nxe5 $1 {[%mdl 512] Threatening mate with Qg8+.} Bg3 ({But not} 31... dxe5 $2 32. Bxd4 Bg3 33. Bxe5 $18) ({Black should try} 31... Qg5 $1 $15 32. Nxc4 Qxg2 33. Rxg2 Nxf3 34. Nxd6 Rb6 35. Bg7+ Ke7 36. Nf5+ Kf7) 32. Nxc4 Nb5 33. Qh3 Nxc3 (33... Qg5 $11) 34. Qh6+ $16 Kg8 35. Nxc3 {And now Qxf4 would win.} Qf8 36. Qe6+ Kh8 37. Qxd6 (37. Nxd6 $16 Re7 38. Qf5) 37... Qxd6 $11 38. Nxd6 Rxb2 39. e5 Rf2 40. e6 Rxf3 41. Kc2 Rf2+ 42. Kc1 Rf3 43. Nde4 Re8 (43... Bh4 $15) 44. Kc2 $14 {Threatens to win with Rh1.} Re3 {[#]} (44... c4 $14) 45. d6 $2 {[%mdl 8192]} (45. Rh1 $1 $16 {aiming for d6.} Be1 46. d6 Rxc3+ 47. Nxc3 Rxe6 48. d7) 45... Rxe6 $17 46. Ng5 {[#] d7 is the strong threat.} Kg7 $1 47. d7 $2 {[%mdl 8192]} (47. Nxe6+ $17 Rxe6 48. d7) 47... Rd6 $19 48. Rd1 {[#]} Rxc3+ $1 {[%mdl 64] Remove Defender, Deflection, Promotion. Black mates.} 49. Kxc3 Rxd1 50. d8=Q Rxd8 51. Ne6+ Kf6 52. Nxd8 h5 53. Kd3 h4 54. Ke4 h3 55. Kf3 h2 56. Kg2 {[#]} f3+ $1 {Accuracy: White = 37%, Black = 44%.} 0-1

[Event "Bratislava Centenary Championship"]
[Site "Bratislava"]
[Date "2019.05.11"]
[Round "2.5"]
[White "Franzen, Jozef"]
[Black "Kolman, Richard"]
[Result "1-0"]
[WhiteElo "2229"]
[BlackElo "1995"]
[Annotator "TA"]
[PlyCount "129"]
[EventDate "2019.05.10"]
[EventType "tourn"]
[EventCountry "SVK"]
[SourceTitle "playchess.com"]
[Source "ChessBase"]
[SourceQuality "1"]

{[%evp 9,129,21,28,0,70,52,69,73,75,47,60,38,56,47,58,54,68,59,70,80,73,47,51,44,57,0,34,29,39,23,89,85,85,58,115,20,64,42,44,44,39,46,94,75,75,75,75,71,82,54,70,54,54,54,61,61,97,97,102,87,89,89,90,89,94,93,115,87,87,87,92,63,61,60,113,113,113,114,125,43,228,233,218,232,469,304,302,291,304,280,289,286,308,288,466,475,627,625,570,378,620,614,1268,1230,1820,1803,1771,1648,1878,607,560,532,534,477,499,429,600,572,587,560,490,482]} 1. e4 c5 2. Nf3 Nc6 3. Bb5 e5 4. O-O Bd6 5. d3 (5. c3 a6 6. Bxc6 dxc6 7. d4 exd4 8. cxd4 Bg4 9. e5 Bc7 10. dxc5 Qxd1 11. Rxd1 Bxf3 12. gxf3 Bxe5 {½-½ (31) Giri,A (2797)-Rapport,R (2726) Shenzhen 2019}) 5... Nf6 6. Nbd2 $146 {B30: Sicilian: 2...Nc6 3 Bb5, lines without ...g6} ({Predecessor:} 6. Nc3 a6 7. Ba4 O-O 8. Be3 h6 9. Bb3 Nd4 10. Bxd4 cxd4 11. Nd5 Rb8 {½-½ (20) Koch,C (2445)-Maec,M (2451) Remote email 2012}) 6... a6 (6... Bc7 $11) 7. Nc4 $14 Qc7 8. Bxc6 {White is slightly better.} dxc6 9. Bd2 Bg4 10. Qe2 O-O 11. h3 Bxf3 12. Qxf3 ({Much worse is} 12. gxf3 $6 Nh5 $15) 12... b5 13. Ne3 Rfe8 14. Nf5 {Nxg7! is the strong threat.} Re6 15. Qg3 {[%csl Gf5][%cal Rg3g7]} Bf8 16. Qh4 Nd7 17. f4 (17. a4 $14) 17... Qd8 18. Qg3 Rg6 19. Qf3 Be7 (19... c4 $11 {keeps the balance.}) 20. Rae1 Re6 21. Bc3 Bf6 {[#]} (21... Bf8 $14) 22. Ng3 (22. fxe5 $1 $16 Nxe5 23. Nh6+ gxh6 24. Bxe5 {[%mdl 64] Overworked Piece} Rxe5 25. Qxf6 Qxf6 26. Rxf6) 22... Qf8 23. f5 Rd6 24. Nh5 Bg5 25. Qg3 Qe7 {[#]} 26. f6 $1 {[%mdl 512]} Rxf6 (26... Nxf6 27. Qxg5) 27. Nxf6+ Bxf6 28. Qg4 Bg5 29. Re2 (29. Ba5 {is more complex.} Nf8 30. g3 b4 31. Kg2 Ne6 32. Rf2) 29... f6 30. Bd2 Bxd2 31. Rxd2 Nf8 32. Rdf2 {aiming for Rxf6.} Qe6 33. Qxe6+ Nxe6 $16 {[%mdl 4096] Endgame KRR-KRN} 34. g3 Kf7 35. Rd2 Rd8 36. Rfd1 Ke7 37. Kf2 g6 38. Ke3 f5 39. exf5 gxf5 40. c3 Rg8 41. Kf2 f4 (41... Rd8 $14) 42. g4 h5 43. Re2 hxg4 44. hxg4 ({White should try} 44. Rxe5 $16 {Threatens to win with hxg4.} g3+ 45. Kg2) 44... Kf6 $2 ({Black should play} 44... Kd6 $14) 45. Rde1 $18 Rg5 46. Kf3 Nc7 $2 (46... Nd8 {was called for.} 47. d4 cxd4) 47. Rh1 Ne6 48. Rh6+ Ke7 49. Rh5 Kd6 50. Reh2 Rg6 51. Rh6 Ng5+ $2 (51... Rg7 52. Rf6 Kd7) 52. Ke2 Rxh6 53. Rxh6+ {KR-KN} Ne6 54. Rh5 Kd5 $2 (54... Ng7) 55. g5 {White is clearly winning.} c4 56. dxc4+ Ke4 57. g6 f3+ 58. Kf2 Kf4 59. Rh4+ (59. cxb5 $142 cxb5 60. Rh7) 59... Kg5 60. Kg3 f2 61. Rh1 Kxg6 62. cxb5 cxb5 63. Kxf2 Kf5 64. Ke3 Nf4 65. Rf1 {Accuracy: White = 45%, Black = 39%.} 1-0

[Event "Bratislava Centenary Championship"]
[Site "Bratislava"]
[Date "2019.05.12"]
[Round "3.1"]
[White "Kolman, Richard"]
[Black "Privara, Igor"]
[Result "1-0"]
[WhiteElo "1995"]
[BlackElo "2177"]
[Annotator "TA"]
[PlyCount "27"]
[EventDate "2019.05.10"]
[EventType "tourn"]
[EventCountry "SVK"]
[SourceTitle "playchess.com"]
[Source "ChessBase"]
[SourceQuality "1"]

{[%evp 9,48,-27,-29,-29,-20,-22,22,23,137,75,139,91,86,26,120,120,170,163,117,0,0,-77,-11,-27,37,45,31,31,48,42,58,48,79,64,406,418,389,395,1090,1073,2568]} 1. d4 d5 2. Bf4 Nf6 3. Nc3 e6 4. Nf3 Bd6 5. Bg3 O-O 6. e3 $1 {D00: 1 d4 d5: Unusual lines} c5 7. dxc5 Bxg3 $146 ({Predecessor:} 7... Bxc5 8. Bd3 Nc6 9. O-O Bd6 10. Bxd6 Qxd6 11. e4 dxe4 12. Nxe4 {½-½ (24) Dittmar,P (2266)-Romanishin,O (2463) Arco 2017}) 8. hxg3 {The position is equal.} Qa5 (8... h6 $11) 9. Bd3 (9. g4 $142 $1) 9... Nc6 ({Black should try} 9... g6) 10. Nd2 {And now Bxh7+! would win.} h6 11. Nb3 (11. g4 $1 $16) 11... Qd8 {[#]} (11... Qc7 $1 $11) 12. g4 $1 $16 Re8 13. g5 hxg5 14. Qf3 {Played: Bd3-h7} 1-0

[Event "Bratislava Centenary Championship"]
[Site "Bratislava"]
[Date "2019.05.12"]
[Round "3.2"]
[White "Kostolansky, Sebastian Lukas"]
[Black "Franzen, Jozef"]
[Result "1-0"]
[WhiteElo "2323"]
[BlackElo "2229"]
[Annotator "TA"]
[PlyCount "81"]
[EventDate "2019.05.10"]
[EventType "tourn"]
[EventCountry "SVK"]
[SourceTitle "playchess.com"]
[Source "ChessBase"]
[SourceQuality "1"]

{[%evp 14,81,18,14,26,19,25,27,21,26,52,39,30,42,48,48,38,35,24,38,29,0,19,0,13,20,10,13,14,12,26,0,64,56,84,46,52,56,52,48,61,51,68,55,221,217,224,172,187,179,207,197,212,202,161,165,192,141,249,196,184,91,417,397,743,738,738,702,1777,1698]} 1. e4 e5 2. Nf3 Nc6 3. Bb5 a6 4. Ba4 Nf6 5. d3 b5 6. Bb3 Be7 7. O-O d6 8. a4 {White wants to play axb5.} Rb8 {C84: Closed Ruy Lopez: Unusual White 6th moves} (8... Bd7 9. c3 Na5 10. Bc2 c5 11. Nbd2 O-O 12. Re1 Nc6 13. h3 h6 14. Nf1 Be6 15. Ne3 Re8 16. Bb3 Bf8 17. Bxe6 fxe6 18. Ng4 b4 19. Nxf6+ Qxf6 {½-½ (29) Le,Q (2715)-Inarkiev,E (2692) Sharjah 2019}) 9. axb5 axb5 10. c3 O-O {White has an edge.} 11. Re1 Bb7 12. Na3 {[%cal Bb1a3,Ba3c2,Bc2e3][%mdl 32]} Ra8 13. Bd2 $146 ({Predecessor:} 13. Bg5 Na7 14. Nc2 h6 15. Bxf6 Bxf6 16. Ra3 Nc8 17. Rxa8 Bxa8 18. Ne3 g6 {0-1 (37) Rasmussen,B (2220)-Gentes,K (2345) Winnipeg 1994}) 13... Na7 14. Nc2 c5 15. Ne3 c4 16. dxc4 Nxe4 17. cxb5 (17. Qc2 {seems wilder.} Qd7 18. cxb5 Nxb5 19. Bd5 Bxd5 20. Nxd5 Rxa1 21. Rxa1 Nf6 22. Nxe7+ Qxe7 23. c4) 17... Nxb5 18. Bd5 Rxa1 19. Qxa1 Bxd5 20. Nxd5 Nxd2 21. Nxd2 Nc7 22. Nb4 Qa8 (22... f6 $11) 23. Nc4 $14 Qb7 24. Na5 Qb6 25. Nac6 Bf6 26. Qd1 Qc5 27. Qg4 Nd5 28. Rd1 Nf4 $2 {[#]} (28... Nb6 $14) 29. g3 $18 h5 30. Qf3 $36 {[%mdl 2048] White is on the roll.} Nh3+ 31. Kg2 e4 {[#]} 32. Qe2 $1 Qf5 33. Rd5 ({Weaker is} 33. Rxd6 Ng5 $11) 33... Qg4 34. Qxg4 hxg4 35. Rxd6 ({White should try} 35. Nc2 $18) 35... Re8 (35... Ra8 $16 36. Rd1 Ra4) 36. Nd5 Bg5 {intending ...Ra8.} 37. b4 (37. Rd7 $18) 37... e3 $2 {[%mdl 8192]} (37... Ra8 $16 {is more resistant.} 38. Na5 Bd8) 38. fxe3 Bxe3 $2 (38... Ra8 39. Kf1 Ra1+ 40. Ke2 Ra2+ 41. Kd3 Nf2+ 42. Kc4 Ne4) 39. Rd8 {White is clearly winning.} Rxd8 40. Nxd8 Bd2 41. b5 {Accuracy: White = 69%, Black = 38%.} 1-0

[Event "Bratislava Centenary Championship"]
[Site "Bratislava"]
[Date "2019.05.12"]
[Round "3.3"]
[White "Schwarz, Dusan"]
[Black "Janos, Martin"]
[Result "1-0"]
[WhiteElo "2326"]
[BlackElo "2163"]
[Annotator "ChessBase"]
[PlyCount "103"]
[EventDate "2019.05.10"]
[EventType "tourn"]
[EventCountry "SVK"]
[SourceTitle "playchess.com"]
[Source "ChessBase"]
[SourceQuality "1"]
[TimeControl "40/5400+30:1800+30"]

1. d4 {[%emt 0:00:00]} Nf6 {[%emt 0:18:42]} 2. c4 {[%emt 0:00:00]} e6 {[%emt 0:02:07]} 3. Nc3 {[%emt 0:00:06]} d5 {[%emt 0:01:14]} 4. Bg5 {[%emt 0:00:21]} Be7 {[%emt 0:00:37]} 5. e3 {[%emt 0:00:27]} Nbd7 {[%emt 0:00:22]} 6. Nf3 {[%emt 0:00:30]} c6 {[%emt 0:02:55]} 7. Qc2 {[%emt 0:01:20]} Qa5 {[%emt 0:01:04]} 8. Bd3 {[%emt 0:05:55]} dxc4 {[%emt 0:00:30]} 9. Bxc4 {[%emt 0:00:09]} b5 {[%emt 0:00:07]} 10. Bxf6 {[%emt 0:22:20]} Bxf6 {[%emt 0:01:07]} 11. Bd3 {[%emt 0:01:16]} Bb7 {[%emt 0:00:28]} 12. O-O h6 {[%emt 0:02:29]} 13. Ne4 {[%emt 0:04:29]} Be7 {[%emt 0:00:27]} 14. a3 {[%emt 0:02:47]} O-O {[%emt 0:01:43]} 15. b4 {[%emt 0:06:46]} Qb6 {[%emt 0:00:10]} 16. Nc5 {[%emt 0:00:24]} Nxc5 {[%emt 0:00:16]} 17. bxc5 {[%emt 0:02:19]} Qc7 {[%emt 0:00:19]} 18. Ne5 {[%emt 0:00:31]} Rad8 {[%emt 0:14:28]} 19. f4 {[%emt 0:00:42]} Bf6 {[%emt 0:03:19]} 20. Rf3 {[%emt 0:02:19]} Bc8 {[%emt 0:14:29]} 21. Raf1 {[%emt 0:03:39]} Bd7 {[%emt 0:08:56]} 22. Rh3 {[%emt 0:02:54]} Be8 {[%emt 0:06:07]} 23. Rff3 {[%emt 0:09:21]} Bxe5 {[%emt 0:11:50]} 24. fxe5 {[%emt 0:00:19]} Qe7 {[%emt 0:00:36]} 25. Qf2 {[%emt 0:09:12]} f5 {[%emt 0:03:13]} 26. exf6 {[%emt 0:00:28]} Rxf6 {[%emt 0:00:25]} 27. Rxf6 {[%emt 0:00:14]} Qxf6 {[%emt 0:00:26]} 28. Rf3 {[%emt 0:01:37]} Qe7 {[%emt 0:01:40]} 29. Rf8+ {[%emt 0:00:23]} Qxf8 {[%emt 0:00:07]} 30. Bh7+ {[%emt 0:00:08]} Kxh7 {[%emt 0:00:07]} 31. Qxf8 {[%emt 0:00:07]} Rc8 {[%emt 0:00:11]} 32. Qe7 {[%emt 0:01:37]} a5 {[%emt 0:00:13]} 33. Qxe6 {[%emt 0:00:58]} Ra8 {[%emt 0:00:14]} 34. Qe7 {[%emt 0:02:13]} a4 {[%emt 0:02:29]} 35. Qb7 {[%emt 0:07:29]} Rd8 {[%emt 0:00:13]} 36. Kf2 {[%emt 0:00:14]} Rd5 {[%emt 0:00:52]} 37. Ke2 {[%emt 0:01:16]} Rf5 {[%emt 0:01:11]} 38. e4 {[%emt 0:01:02]} Rf4 {[%emt 0:02:25]} 39. Ke3 {[%emt 0:00:21]} Rf1 {[%emt 0:00:17]} 40. d5 {[%emt 0:02:51]} cxd5 {[%emt 0:00:08]} 41. exd5 {[%emt 0:30:24]} Ra1 {[%emt 0:30:08]} 42. c6 {[%emt 0:02:30]} Rxa3+ {[%emt 0:00:21]} 43. Kd4 {[%emt 0:00:08]} Rb3 {[%emt 0:00:13]} 44. c7 {[%emt 0:01:51]} Bd7 {[%emt 0:00:34]} 45. c8=Q {[%emt 0:00:26]} Bxc8 {[%emt 0:00:07]} 46. Qxc8 {[%emt 0:00:04]} Rb2 {[%emt 0:00:00]} 47. Qf5+ {[%emt 0:00:00]} Kg8 {[%emt 0:00:00]} 48. d6 {[%emt 0:00:00]} Rd2+ {[%emt 0:00:00]} 49. Kc5 {[%emt 0:00:00]} a3 {[%emt 0:00:00]} 50. Qe6+ {[%emt 0:00:00]} Kh7 {[%emt 0:00:00]} 51. Qe4+ {[%emt 0:00:00]} g6 {[%emt 0:00:00]} 52. Qb7+ {[%emt 0:00:00]} 1-0

[Event "Bratislava Centenary Championship"]
[Site "Bratislava"]
[Date "2019.05.12"]
[Round "3.4"]
[White "Oprea, Erik"]
[Black "Bochnicka, Vladimir"]
[Result "0-1"]
[WhiteElo "2127"]
[BlackElo "2108"]
[Annotator "TA"]
[PlyCount "82"]
[EventDate "2019.05.10"]
[EventType "tourn"]
[EventCountry "SVK"]
[SourceTitle "playchess.com"]
[Source "ChessBase"]
[SourceQuality "1"]

{[%evp 11,82,-17,0,-25,34,0,-3,-6,-18,-10,-7,-11,-15,-16,-20,-29,16,29,16,27,45,-22,-17,-25,-31,-90,-93,-151,-80,-79,-74,-70,-67,-247,-222,-228,-185,-176,-111,-110,-100,-110,-93,-91,-50,-46,-35,-107,-105,-252,-250,-3252,-3033,-29989,-29990,-29992,-29993,-29993,-29993,-29993,-29994,-29994,-29995,-29995,-29996,-29996,-29997,-29997,-29996,-29998,-29998,-29998,-29998]} 1. c4 e5 2. Nc3 Nf6 3. g3 c6 4. d4 exd4 5. Qxd4 d5 6. Bg5 Be7 7. Rd1 {[%cal Rc4d5] A23: English Opening: 1...e5 2 Nc3 Nf6 3 g3 c6} (7. Nf3 c5 8. Qd1 dxc4 9. Qa4+ Nc6 10. Qxc4 O-O 11. Bg2 Be6 12. Qa4 Nd7 13. Bxe7 Qxe7 14. O-O a6 {0-1 (49) Jovic,A (2425)-Damljanovic,B (2552) Belgrade 2014}) 7... c5 (7... dxc4 $11 8. Qxc4 Qa5) 8. Qd3 {[%cal Rc4d5]} d4 {aiming for ...Qa5.} 9. Bxf6 $1 {The position is equal.} Bxf6 10. Nd5 O-O 11. Bg2 Nc6 12. Nf3 $146 ({Predecessor:} 12. Nh3 Ne5 13. Qc2 Bg4 14. Nhf4 Re8 {½-½ (31) Palma,J-Yilmaz,T (2335) Thessaloniki 1984}) 12... Be6 $36 {[%mdl 2048] Black has the initiative.} 13. h4 Re8 14. Ng5 g6 15. Nxe6 Rxe6 16. f4 (16. Qa3 $14) 16... Bg7 $11 17. a3 Ne7 18. Qb3 ({White should try} 18. Bh3 $15 Rd6 19. e4) 18... Nf5 $17 19. Rd3 {[#]} (19. Bh3 $142) 19... Qa5+ (19... b5 $142 $1 {[%mdl 512] And now ...Nd6 would win.} 20. Nc7 (20. Qxb5 Rb8) 20... Qxc7 21. Bxa8 Qe7) 20. Kf2 Rae8 21. Bf3 Nd6 $1 22. Re1 $2 {[#]} (22. Rc1 $15) 22... b5 $1 $19 {[%cal Rb5c4]} 23. Rc1 bxc4 24. Rxc4 Nxc4 (24... Ne4+ $19 25. Bxe4 Rxe4) 25. Qxc4 $17 Rb8 26. b4 cxb4 27. axb4 Qd8 28. Ra3 Rc8 29. Qa2 (29. Qb5 $1 $15) 29... Kh8 30. Rxa7 {[#]} (30. Kg2 $17 {was worth a try.}) 30... d3 $1 $19 {[%cal Rd3e2][%mdl 512]} 31. Rxf7 $2 (31. exd3 Bd4+ {[%mdl 64] Double Attack} 32. Kg2 Bxa7 33. Qxa7) 31... Rc2 32. Qa7 dxe2 {Black mates.} 33. Bxe2 Rcxe2+ 34. Kg1 Re1+ 35. Kh2 R6e2+ 36. Kh3 Rh1+ 37. Kg4 h5+ 38. Kf3 Qxd5+ 39. Kxe2 Rh2+ 40. Ke3 Qd2+ 41. Ke4 Re2+ {Accuracy: White = 29%, Black = 69%.} 0-1

[Event "Bratislava Centenary Championship"]
[Site "Bratislava"]
[Date "2019.05.12"]
[Round "3.5"]
[White "Kralovic, Andrej"]
[Black "Pacher, Milan"]
[Result "0-1"]
[WhiteElo "2253"]
[BlackElo "2396"]
[Annotator "TA"]
[PlyCount "70"]
[EventDate "2019.05.10"]
[EventType "tourn"]
[EventCountry "SVK"]
[SourceTitle "playchess.com"]
[Source "ChessBase"]
[SourceQuality "1"]

{[%evp 14,70,47,39,51,26,22,23,23,0,11,0,17,8,27,0,56,54,54,54,68,48,81,57,53,58,50,53,64,61,60,38,60,69,49,43,31,25,51,-6,24,0,0,-71,-91,-248,-255,-437,-441,-655,-689,-680,-664,-1249,-1249,-1213,-1212,-1117,-1072]} 1. e4 c5 2. Nf3 d6 3. Bb5+ Nd7 4. O-O Ngf6 5. Re1 a6 6. Bf1 e6 7. c3 Be7 8. d4 O-O {B51: Sicilian: Moscow Variation (3 Bb5+) without 3...Bd7} 9. Nbd2 b6 10. b3 $146 ({Predecessor:} 10. Bd3 Bb7 11. Qe2 e5 12. Qf1 b5 13. a4 c4 14. Bc2 Nh5 15. g3 g6 16. b3 cxb3 17. Bxb3 {1-0 (30) Tikkanen,H (2533)-Backman,M (2089) Norrkoeping 2016}) 10... Bb7 {White has an edge.} 11. Bb2 Rc8 12. e5 dxe5 13. dxe5 Nd5 14. c4 Nf4 (14... Nb4 $1 $11) 15. g3 $14 Ng6 16. Qe2 Qc7 17. Bg2 Rce8 18. Rad1 f5 19. exf6 Bxf6 20. Bxf6 Nxf6 21. Ng5 Bxg2 22. Kxg2 e5 23. Nde4 h6 24. Nf3 Re6 25. Rd3 Qc6 26. Nxf6+ (26. Kg1 $14) 26... gxf6 (26... Rexf6 {looks sharper.} 27. Qe4 Ne7 28. h4 Qxe4 29. Rxe4 Nc6) 27. Kg1 f5 28. h4 (28. Rd5 $11) 28... e4 $17 {White must now prevent ...Rfe8.} 29. Rdd1 $2 (29. Nh2 $17 {was worth a try.}) 29... f4 $19 {And now ...fxg3 would win.} 30. Nh2 $2 {[#]} (30. g4 {is the only way for White.}) 30... e3 $1 {Threatens to win with ...fxg3.Black is clearly winning.} 31. h5 (31. Rd5 $142 Ne7 32. Rdd1) 31... fxg3 32. fxg3 {Hoping for Qg4.} Rf2 {[%csl Gf2][%cal Rc6g2]} 33. Rd8+ Kg7 {[%csl Gf2][%cal Rc6g2]} 34. Qxf2 exf2+ {[%mdl 64] [#] Discovered Attack} 35. Kxf2 Rxe1 {Accuracy: White = 30%, Black = 62%.} 0-1

[Event "Bratislava Centenary Championship"]
[Site "Bratislava"]
[Date "2019.05.12"]
[Round "4.1"]
[White "Privara, Igor"]
[Black "Pacher, Milan"]
[Result "0-1"]
[WhiteElo "2177"]
[BlackElo "2396"]
[Annotator "NA"]
[PlyCount "122"]
[EventDate "2019.05.10"]
[EventType "tourn"]
[EventCountry "SVK"]
[SourceTitle "playchess.com"]
[Source "ChessBase"]
[SourceQuality "1"]
[TimeControl "40/5400+30:1800+30"]

1. e4 {[%emt 0:00:00]} c5 {[%emt 0:00:00]} 2. c3 {[%emt 0:00:00]} d6 {[%emt 0:00:09]} 3. d4 {[%emt 0:00:00]} Nf6 {[%emt 0:00:05]} 4. dxc5 {[%emt 0:01:24]} Nc6 {[%emt 0:00:07]} 5. cxd6 {[%emt 0:07:18]} Nxe4 {[%emt 0:00:19]} 6. dxe7 {[%emt 0:04:22]} (6. Na3 $11 {remains equal.}) 6... Qxd1+ {[%emt 0:08:45] B22: Sicilian: 2 c3} ({Much weaker is} 6... Bxe7 $6 7. Qxd8+ Bxd8 8. Nd2 $11) ({But not} 6... Qxe7 $6 7. Be3 $11) 7. Kxd1 {[%emt 0:01:10]} Nxf2+ {[%emt 0:00:05]} 8. Ke1 {[%emt 0:00:13]} Nxh1 {[%emt 0:00:07]} 9. exf8=Q+ Kxf8 {[%emt 0:00:06]} (9... Rxf8 $17 10. Nd2 Be6) 10. Nf3 {[%emt 0:02:20]} (10. Bb5 Bg4 11. Nd2 Re8+ 12. Kf1 h5 13. Ngf3 h4 14. Kg1 Ng3 15. hxg3 hxg3 16. Nf1 Re1 17. Nxe1 {1-0 (17) Khimich,A-Skliarov,V (2362) chess.com INT 2018}) 10... Bg4 {[%emt 0:01:59]} 11. Bf4 $146 {[%emt 0:11:00]} ({Predecessor:} 11. Be2 h5 12. Kf1 h4 13. Bf4 Re8 {0-1 (30) Nguyen,G-To,Q Vung Tau 2000}) 11... Re8+ {[%emt 0:03:45]} 12. Be2 {[%emt 0:02:14]} h5 {[%emt 0:00:11]} 13. Nbd2 $1 {[%emt 0:03:46]} h4 {[%emt 0:08:11]} 14. Kf1 {[%emt 0:01:46]} h3 {[%emt 0:01:43]} 15. Re1 {[%emt 0:00:35]} g5 {[%emt 0:04:43]} 16. Bxg5 {[%emt 0:27:01]} Ng3+ {[%emt 0:03:59]} 17. hxg3 {[%emt 0:04:12]} h2 {[%emt 0:03:16]} 18. Nxh2 {[%emt 0:01:58]} Bxe2+ {[%emt 0:07:19]} 19. Rxe2 {[%emt 0:00:22]} Rxe2 {[%emt 0:00:06]} 20. Kxe2 {[%emt 0:00:05]} Rxh2 {[%emt 0:00:06]} 21. Kf2 {[%emt 0:00:16]} Rh1 {[%emt 0:00:19]} 22. Nf1 {[%emt 0:01:03]} Ne5 {[%emt 0:00:28]} 23. Ke2 {[%emt 0:02:02]} Nc4 {[%emt 0:03:03]} 24. b3 {[%emt 0:01:28]} Nd6 {[%emt 0:00:06]} 25. Be3 {[%emt 0:01:41]} Ne4 {[%emt 0:02:02]} 26. Bd4 {[%emt 0:01:46]} f5 {[%emt 0:02:46]} 27. Ne3 {[%emt 0:08:58]} Ra1 {[%emt 0:03:58]} 28. Nxf5 {[%emt 0:05:02]} Rxa2+ {[%emt 0:00:05]} 29. Ke3 {[%emt 0:00:50]} Nd2 {[%emt 0:01:07]} 30. b4 {[%emt 0:01:23]} Nb3 {[%emt 0:01:28]} 31. Be5 {[%emt 0:02:55]} Kf7 {[%emt 0:02:34]} 32. Bb8 {[%emt 0:01:06]} Ke6 {[%emt 0:01:58]} 33. Nd4+ {[%emt 0:04:35]} Nxd4 {[%emt 0:00:05]} 34. Kxd4 {[%emt 0:00:04]} a6 {[%emt 0:04:55]} 35. Kc5 {[%emt 0:01:16]} b5 {[%emt 0:02:37]} 36. Bf4 {[%emt 0:01:37]} Rc2 {[%emt 0:01:26]} 37. Kd4 {[%emt 0:00:26]} Rxg2 {[%emt 0:01:12]} 38. Ke4 {[%emt 0:00:56]} Rg1 {[%emt 0:00:52]} 39. Kd4 {[%emt 0:00:26]} Rd1+ {[%emt 0:00:22]} 40. Ke4 {[%emt 0:00:23]} Rd8 {[%emt 0:00:37]} 41. Be3 {[%emt 0:31:38]} Rg8 {[%emt 0:32:16]} 42. Bf4 {[%emt 0:00:20]} Rh8 {[%emt 0:02:29]} 43. Kd4 {[%emt 0:00:58]} Rc8 {[%emt 0:00:19]} 44. Kd3 {[%emt 0:00:00]} Kf5 {[%emt 0:00:00]} 45. Kd4 {[%emt 0:00:00]} Rc4+ {[%emt 0:00:00]} 46. Kd3 {[%emt 0:00:00]} Kg4 {[%emt 0:00:00]} 47. Bb8 {[%emt 0:00:00]} Kf3 {[%emt 0:00:00]} 48. Be5 {[%emt 0:00:00]} Re4 {[%emt 0:00:00]} 49. Bf4 {[%emt 0:00:00]} Re1 {[%emt 0:00:00]} 50. Kd4 {[%emt 0:00:00]} Rd1+ {[%emt 0:00:00]} 51. Kc5 {[%emt 0:00:00] [#]} Ke4 $1 {[%emt 0:00:00]} 52. c4 $1 {[%emt 0:00:00]} Rh1 {[%emt 0:00:00]} ({Better is} 52... bxc4 $17 53. Kxc4 Rd5) 53. cxb5 {[%emt 0:00:00]} Rh5+ {[%emt 0:00:00]} 54. Kc6 {[%emt 0:00:00]} Rxb5 {[%emt 0:00:00]} 55. Bd6 {[%emt 0:00:00]} Rg5 {[%emt 0:00:00]} 56. Bf4 $11 {[%emt 0:00:00]} Rb5 {[%emt 0:00:00]} 57. Bd6 {[%emt 0:00:00]} Kd4 {[%emt 0:00:00]} 58. Bc5+ {[%emt 0:00:00]} Kc4 {[%emt 0:00:00]} 59. Be7 {[%emt 0:00:31]} Re5 {[%emt 0:00:00]} 60. Kd7 {[%emt 0:01:16]} Re4 {[%emt 0:00:00]} 61. Bc5 {[%emt 0:01:29]} a5 {[%emt 0:00:00]} 0-1